| 000 | 00480nam a2200181Ia 4500 | ||
|---|---|---|---|
| 005 | 20250508150717.0 | ||
| 008 | 008 250505s9999 xx 000 0 eng d | ||
| 037 | _aTextual | ||
| 040 |
_aFEDL _beng _cFEDL |
||
| 041 |
_aeng _2eng |
||
| 084 |
_a540, BIR _qFEDL |
||
| 100 |
_aBirch Arthur J _9757439 |
||
| 245 | 0 | _aHow chemistry works | |
| 260 |
_aLondon, UK _bSigma Books Limited _c1949 |
||
| 300 | _a218p | ||
| 942 |
_cTEXL _h540, BIR |
||
| 999 |
_c1325198 _d1325198 |
||